Návrh siete IoT

Saved in:
Bibliographic Details
Main Author: Kollár, Jakub (Author)
Other Authors: Kotuliaková, Kvetoslava (Thesis advisor)
Format: Manuscript Book
Language:Slovak
Published: Bratislava : 2021 STU v Bratislave FEI,
Subjects:
Online Access:https://opac.crzp.sk/?fn=detailBiblioForm&sid=983A108C82E0ACEA9E5C7F6AE8A0&seo=CRZP-detail-kniha
Tags: Add Tag
No Tags, Be the first to tag this record!

MARC

LEADER 00000ntm a22000003a 4500
001 stuzp82518
003 SK-STU
005 20210902105557.5
007 ta
008 150427s2015----xo-----f-mn---000-0-slo-d
040 |a STU  |b slo 
041 0 |a slo 
044 |a xo 
100 1 |a Kollár, Jakub  |u 037000  |4 aut  |U FEI Fakulta elektrotechniky a informatiky  |U FEI Fakulta elektrotechniky a informatiky  |T FEI Ústav multimediálnych informačných a komunikačných technológií  |X 98269  |U E070  |Y 818  |7 98269 
242 0 1 |a IoT Network Design  |y eng 
245 1 0 |a Návrh siete IoT 
260 |a Bratislava :  |b STU v Bratislave FEI,  |a 2021 
300 |a 60 s. 
650 4 |a Bluetooth  |2 slo 
650 4 |a Sigfox  |2 slo 
650 4 |a CupCarbon  |2 slo 
650 4 |a Internet vecí  |2 slo 
650 4 |a ZigBee  |2 slo 
650 4 |a LoRa  |2 slo 
650 4 |a WiFi  |2 slo 
650 4 |a Senzorový uzol  |2 slo 
650 4 |a Návrh siete  |2 slo 
650 4 |a Simulácia  |2 slo 
650 4 |a WiFi  |2 eng 
650 4 |a Internet of Things  |2 eng 
650 4 |a ZigBee  |2 eng 
650 4 |a LoRa  |2 eng 
650 4 |a Bluetooth  |2 eng 
650 4 |a Sigfox  |2 eng 
650 4 |a Senzor node  |2 eng 
650 4 |a Network design  |2 eng 
650 4 |a Simulation  |2 eng 
650 4 |a CupCarbon  |2 eng 
700 1 |a Kotuliaková, Kvetoslava  |u 037000  |k Z1  |4 ths  |U FEI Fakulta elektrotechniky a informatiky  |U FEI Fakulta elektrotechniky a informatiky  |T FEI Ústav multimediálnych informačných a komunikačných technológií  |X 2015  |U E070  |Y 818  |7 A000002015 
856 4 |u https://opac.crzp.sk/?fn=detailBiblioForm&sid=983A108C82E0ACEA9E5C7F6AE8A0&seo=CRZP-detail-kniha